000 00561nam a22001937a 4500
003 BDCtgAUW
005 20260308113617.0
008 260308b fr ||||| |||| 00| 0 fre d
020 _a9782014015973
040 _aBDCtgAUW
_cBDCtgAUW
_dBDCtgAUW
041 _afre
100 1 0 _a Hirschsprung, Nathalie.
_eauthor
_991242
245 _aCosmopolite 1 = Livre de l'élève (A1)
260 _a‎ Franch :
_bHachette;
_c2017.
300 _a224 pages ;
_c24cm.
650 _aFrench grammar
_991243
700 1 0 _a Tricot, Tony.
_eauthor
_991244
942 _2lcc
_cBK
_n0
999 _c16336
_d16336
887 _28
_aPapia Akter
888 _28